000 00687nam a22002177a 4500
999 _c179548
_d179548
005 20210622115024.0
010 _aB-740257
020 _c95.00
_a9788171822133
035 _aB-740257
037 _bGift
082 _a921
100 _aRay, Anuradha
245 _aThe making of Mahatma:
_ba biography /
_cby Anuradha Ray
260 _aNew Delhi
_bDiamond Pocket Books
_c2008
270 _aX-30, Okhla Industrial Area, Phase-II
_bNew Delhi
_e110020
300 _a144p.:
_c22cm(pbk)
_bill.
650 _aMahatma--biography
650 _aMahatma Gandhi
942 _2ddc
_cEN
_h921
_mRAY